| 000 | 00386nam a22001577a 4500 | ||
|---|---|---|---|
| 020 | _a8123908113 | ||
| 050 |
_aQE601 _b.T46 |
||
| 100 | _aThornbury William D. | ||
| 245 | _aPrinciples of Geomorphology/ | ||
| 250 | _a2nd Edition | ||
| 260 |
_aNew Delhi _bCBS Publishers _c2002 |
||
| 300 | _axi,594p. | ||
| 500 | _aIncludes Index | ||
| 650 | _bPrinciples of Geomorphology | ||
| 942 | _cGEN | ||
| 999 |
_c2006 _d2006 |
||